000 00385nam a2200157Ia 4500
003 Ost
005 20260225132554.0
008 260225s9999||||xx |||||||||||||| ||und||
040 _cfsic
041 _afre
082 _a440
100 _aLibaert Thierry
_eAuteur
245 0 _aLes Tableaux de bord de la communication :
245 0 _bindicateurs /
_cLibaert Thierry
942 _cكتاب
999 _c34336
_d34336